00596 a2200169 4500020001800000050002100018100003100039245009800070264005100168300002200219336002600241337002800267338002700295504004100322650002500363700003800388 a978177920442400aHC800b.CHI 20211 aChidoko, Clainos,eauthor.10aDevelopment in Africa :bchallenges and dilemmas /cClainos Chidoko & Ettie Rangwana Chidoko. 1aZimbabwe :bDream Discovery Publishers,c2019. aviii, 140 pages ; atextbtxt2rdacontent aunmediatedbn2rdamedia avolumebnc2rdacarrier aIncludes bibliographical references. 0aEconomic development1 aChidoko, Ettie Rangwana,eauthor.